000 00537nam a2200229Ia 4500
003 OSt
005 20220924142629.0
006 a|||||r|||| 00| 0
007 ta
008 ASM
024 _a302709
037 _cTextual
040 _aARTS
_cARTS
_bASM
041 _2ASM
_aASM
082 _aQ8441:33x, 158M2
100 _aSingh Bhai Jodh
_9213772
245 0 _aGuru Nanak bani
260 _c1982
650 _aGEOGRAPHY
942 _hQ8441:33x, 158M2
_cTEXL
_2CC
999 _c451395
_d451395